| 000 | 00485nam a22001937a 4500 | ||
|---|---|---|---|
| 003 | CEME | ||
| 005 | 20230601112118.0 | ||
| 008 | 210113b xxu||||| |||| 00| 0 eng d | ||
| 020 | _a8123904126 | ||
| 040 | _c. | ||
| 082 | _a670.42 CHA | ||
| 100 |
_aChapman, W.A.J _910212 |
||
| 245 | _aWorkshop Technology. Part 3 | ||
| 250 |
_a3rd Edition _b(IN SI UNITS) |
||
| 260 |
_aINDIA _bCBS PUBLISHER _c1995 |
||
| 300 | _a675P | ||
| 650 |
_aWorkshop Technology _962971 |
||
| 942 |
_cBK _2ddc |
||
| 999 |
_c568864 _d568864 |
||